Players to win the Champions League with 2 or more clubs - Statistics

General Stats
  • This quiz has been taken 43 times
  • The average score is 8 of 25
Answer Stats
Clubs Player % Correct
Manchester United and Real Madrid Cristiano Ronaldo
89%
Barcelona and Inter Milan Samuel Eto'o
66%
Bayern Munich and Real Madrid Toni Kroos
66%
Chelsea and Real Madrid Antonio Rudiger
61%
Ajax, Real Madrid and AC Milan Clarence Seedorf
61%
Barcelona and Bayern Munich Thiago Alcantara
53%
Porto and Barcelona Deco
47%
Liverpool and Real Madrid Xabi Alonso
47%
Manchester United and Barcelona Gerard Pique
39%
Ajax and Manchester United Edwin van der Sar
37%
Bayern Munich and Real Madrid David Alaba
34%
Marseille and Juventus Didier Deschamps
29%
Marseille and AC Milan Marcel Desailly
26%
Real Madrid and Chelsea Mateo Kovacic
26%
Bayern Munich and Manchester United Owen Hargreaves
26%
Porto and Chelsea Paulo Ferreira
21%
Porto and Chelsea Jose Bosingwa
18%
Liverpool and Man City Scott Carson
16%
Real Madrid and Chelsea Kepa Arrizabalaga
11%
Juventus and Borussia Dortmund Paulo Sousa
11%
Barcelona and Inter Milan Thiago Motta
11%
Chelsea and Liverpool Daniel Sturridge
8%
AC Milan and Real Madrid Christian Panucci
5%
Bayern Munich and Liverpool Xherdan Shaqiri
5%
Real Madrid and AC Milan Fernando Redondo
0%
No matching quizzes found
Score Distribution
Percent of People with Each Score
Percentile by Number Answered
Your Score History
You have not taken this quiz